Catálogo - Centro de Recursos para el Aprendizaje y la Investigación
Volver al Sitio - CRAI Biblioteca| 000 -CABECERA | |
|---|---|
| campo de control de longitud fija | 01924nam a2200349 4500 |
| 001 - NÚMERO DE CONTROL | |
| campo de control | 114346 |
| 003 - IDENTIFICADOR DEL NÚMERO DE CONTROL | |
| campo de control | DR-UNIBE |
| 005 - FECHA Y HORA DE LA ÚLTIMA TRANSACCIÓN | |
| campo de control | 20260511112615.0 |
| 008 - DATOS DE LONGITUD FIJA--INFORMACIÓN GENERAL | |
| campo de control de longitud fija | 260129b2010 dr ||||| |||| 00| 0 spa d |
| 020 ## - NÚMERO INTERNACIONAL ESTÁNDAR DEL LIBRO | |
| Número Internacional Estándar del Libro | 9789945003659 |
| 040 ## - FUENTE DE LA CATALOGACIÓN | |
| Centro catalogador/agencia de origen | BIBLIOTECA UNIBE |
| Lengua de catalogación | spa |
| Centro/agencia transcriptor | BIBLIOTECA UNIBE |
| Normas de descripción | rda |
| 041 ## - CÓDIGO DE LENGUA | |
| Código de lengua del texto/banda sonora o título independiente | spa |
| 082 ## - NÚMERO DE LA CLASIFICACIÓN DECIMAL DEWEY | |
| Número de clasificación | RD 972.93053 I61e |
| 245 10 - MENCIÓN DE TÍTULO | |
| Título | Interrogatorios : |
| Resto del título | expedicionarios del 59 participantes en la muerte de Trujillo seguidores de Manuel Aurelio Tavárez Justo |
| 250 ## - MENCIÓN DE EDICIÓN | |
| Mención de edición | Primera edición |
| 260 ## - PUBLICACIÓN, DISTRIBUCIÓN, ETC. | |
| Lugar de publicación, distribución, etc. | Santo Domingo : |
| Nombre del editor, distribuidor, etc. | Editora Centenario, |
| Fecha de publicación, distribución, etc. | 2010 |
| 300 ## - DESCRIPCIÓN FÍSICA | |
| Extensión | 561 páginas : |
| Otras características físicas | fotos b/n ; |
| Dimensiones | 22 x 15 cm |
| 500 ## - NOTA GENERAL | |
| Nota general | Información del compilador en las solapas |
| 505 ## - NOTA DE CONTENIDO CON FORMATO | |
| Nota de contenido con formato | Presentación I |<br/>Interrogatorios a expedicionarios del 59 |<br/>Presentación II |<br/>Interrogatorios a participantes en el complot y ajusticiamiento del dictador Rafael Leonidas Trujillo Molina |<br/>Presentación III |<br/>Interrogatorios practicados a seguidores e Manolo Aurelio Tavárez Justo <br/> |
| 600 #7 - PUNTO DE ACCESO ADICIONAL DE MATERIA--NOMBRE DE PERSONA | |
| Fuente del encabezamiento o término | lemb |
| Nombre de persona | Tavárez Justo, Manuel Aurelio (Manolo), |
| Fechas asociadas al nombre | 1931-1963 |
| 9 (RLIN) | 162915 |
| 600 #7 - PUNTO DE ACCESO ADICIONAL DE MATERIA--NOMBRE DE PERSONA | |
| Fuente del encabezamiento o término | lemb |
| Nombre de persona | Trujillo Molina, Rafael Leonidas, |
| Fechas asociadas al nombre | 1891-1961 |
| 9 (RLIN) | 39608 |
| 650 #7 - PUNTO DE ACCESO ADICIONAL DE MATERIA--TÉRMINO DE MATERIA | |
| Fuente del encabezamiento o término | lemb |
| Término de materia o nombre geográfico como elemento de entrada | Interrogatorio de testigos |
| Subdivisión geográfica | República Dominicana |
| 9 (RLIN) | 204785 |
| 651 #7 - PUNTO DE ACCESO ADICIONAL DE MATERIA--NOMBRE GEOGRÁFICO | |
| Fuente del encabezamiento o término | lemb |
| Nombre geográfico | República Dominicana |
| Subdivisión general | Política y gobierno |
| Subdivisión cronológica | 1930-1961 |
| 9 (RLIN) | 201921 |
| 651 #7 - PUNTO DE ACCESO ADICIONAL DE MATERIA--NOMBRE GEOGRÁFICO | |
| Fuente del encabezamiento o término | lemb |
| Nombre geográfico | República Dominicana |
| Subdivisión general | Historia |
| -- | Era de Trujillo 1930-1961 |
| 9 (RLIN) | 193440 |
| 700 10 - PUNTO DE ACCESO ADICIONAL--NOMBRE DE PERSONA | |
| Nombre de persona | Gerón, Cándido, |
| Fechas asociadas al nombre | 1950- |
| Forma completa/desarrollada del nombre | (Araújo Gerón, Cándido) |
| Títulos y otros términos asociados al nombre | |
| Término indicativo de función/relación | compilador |
| -- | presentación |
| -- | notas |
| 9 (RLIN) | 24252 |
| 700 10 - PUNTO DE ACCESO ADICIONAL--NOMBRE DE PERSONA | |
| Nombre de persona | Blanco Díaz, Andrés, |
| Fechas asociadas al nombre | 1954- |
| Término indicativo de función/relación | índice onomástico |
| -- | corrector |
| 9 (RLIN) | 144547 |
| 700 10 - PUNTO DE ACCESO ADICIONAL--NOMBRE DE PERSONA | |
| Nombre de persona | Domínguez Novas, Juan Francisco |
| Término indicativo de función/relación | composición |
| 9 (RLIN) | 127336 |
| 700 10 - PUNTO DE ACCESO ADICIONAL--NOMBRE DE PERSONA | |
| Nombre de persona | Cornelio Marte, Rafael A. |
| Término indicativo de función/relación | diseñador |
| -- | diagramador |
| -- | arte final |
| 9 (RLIN) | 201849 |
| 700 10 - PUNTO DE ACCESO ADICIONAL--NOMBRE DE PERSONA | |
| Nombre de persona | Díaz Carrero, Rubén, |
| Fechas asociadas al nombre | 1971-2009 |
| Término indicativo de función/relación | diseñador de portada |
| 9 (RLIN) | 144910 |
| 700 #0 - PUNTO DE ACCESO ADICIONAL--NOMBRE DE PERSONA | |
| Nombre de persona | Batista, Paula |
| 9 (RLIN) | 201922 |
| Término indicativo de función/relación | corrector de galeras |
| 942 ## - ELEMENTOS DE PUNTO DE ACCESO ADICIONAL (KOHA) | |
| Fuente del sistema de clasificación o colocación | Sistema de Clasificación Decimal Dewey |
| Tipo de ítem Koha | Libro (general) |
| Estado de retiro | Estado de pérdida | Fuente del sistema de clasificación o colocación | No para préstamo | Código de colección | Localización permanente | Fecha de adquisición | Total de préstamos | Signatura topográfica completa | Código de barras | Fecha visto por última vez | Número de copia | Precio válido a partir de | Tipo de ítem Koha |
|---|---|---|---|---|---|---|---|---|---|---|---|---|---|
| Disponible | Sistema de Clasificación Decimal Dewey | General - Libros dominicanos | Biblioteca Central UNIBE | 12/11/2025 | RD 972.93053 I61e | 260048 | 29/01/2026 | Ej. 1 | 29/01/2026 | Libro (general) |